Russia's "Unfriendly" Countries - Statistics

General Stats
  • This quiz has been taken 40 times
  • The average score is 42 of 48
Answer Stats
Continent Country % Correct
Europe (EU) Finland
100%
Europe Norway
100%
Europe United Kingdom
100%
Europe (EU) Italy
97%
Europe (EU) Spain
97%
Europe (EU) Sweden
97%
Europe (EU) Austria
94%
Europe (EU) Belgium
94%
North America Canada
94%
Europe Denmark
94%
Europe (EU) Germany
94%
Europe Greece
94%
Europe Iceland
94%
Europe (EU) Ireland
94%
Asia Japan
94%
Europe (EU) Latvia
94%
Europe (EU) Luxembourg
94%
Europe (EU) Portugal
94%
Asia South Korea
94%
Oceania Australia
91%
Europe Czech Republic
91%
Europe (EU) Estonia
91%
Europe Hungary
91%
Europe (EU) Lithuania
91%
Oceania New Zealand
91%
Europe (EU) Poland
91%
Europe Slovakia
91%
Europe Slovenia
91%
Europe Switzerland
91%
North America The United States of America
91%
Europe (EU) Bulgaria
88%
Europe Croatia
88%
Europe Liechtenstein
88%
Europe (EU) Malta
88%
Europe (EU) The Netherlands
88%
Europe Ukraine
88%
Europe Albania
85%
Europe North Macedonia
82%
Europe (EU) Romania
82%
Europe Andorra
79%
Europe Monaco
79%
Europe San Marino
79%
Asia Taiwan
79%
Europe Montenegro
76%
Europe (EU) Cyprus
71%
North America The Bahamas
65%
Asia Singapore
62%
Oceania Micronesia
56%
No matching quizzes found
Score Distribution
Percent of People with Each Score
Percentile by Number Answered
Your Score History
You have not taken this quiz